00350nam a2200121Ia 4500008004100000082001900041100001900060245001800079260003900097300001000136630002700146650005500173211109s9999||||xx |||||||||||||| ||und|| a629.287bBOS-C aBostock, Tonny 0aCar Mechanics bBusiness PublicationaLondonc1975 a300p. xreference reading room atechnologyvother branches of engineeringGeneralia